000 00779nam a2200205 a 4500
008 071026s1999 ||||||||||||||||| || u
020 _a0821344811
050 _aIBRD(06)HNP/1999/4
100 _aStaines, Verdon S
245 1 2 _aA health sector strategy for the Europe and Central Asia Region
260 _aWashington, D.C.:
_bWorld Bank
_c1999
300 _aviii, 86p.: ill.
350 _a0.00
490 _aHealth, nutrition, and population
650 _aHEALTH PLANNING--EUROPE, EASTERN
650 _aMEDICAL POLICY--ASIA, CENTRAL
650 _aMEDICAL POLICY--EUROPE, EASTERN
710 _aWorld Bank
995 _D0.00
_FCBU-MAIN LIBRARY (Kitwe)
_H1
_I0.00
_M1
_UAVAILABLE
_WOct 26, 2007
_ZInternational Publications
999 _c45442
_d45442